Normal view
MARC view
- Nguyen, Truong
Entry Personal Name
001 - CONTROL NUMBER
- control field: 97193
003 - CONTROL NUMBER IDENTIFIER
- control field: NUST
005 - DATE AND TIME OF LATEST TRANSACTION
- control field: 20220815130903.0
008 - FIXED-LENGTH DATA ELEMENTS
- fixed length control field: 220815|| aca||aabn | a|a d
040 ## - CATALOGING SOURCE
- Original cataloging agency: NUST
- Transcribing agency: NUST
100 ## - HEADING--PERSONAL NAME
- Personal name: Nguyen, Truong
670 ## - SOURCE DATA FOUND
- Source citation: Work cat.: (NUST)193489: Strang, Gilbert 39154, Wavelets and filter banks /, cop. 1996
